000 00546nam a2200193Ia 4500
005 20250508152617.0
008 008 250505s9999 xx 000 0 eng d
037 _aTextual
040 _aFEDL
_beng
_cFEDL
041 _aeng
_2eng
084 _a371.1473, YAU
_qFEDL
100 _aYauch Wilbur A
_9139810
245 0 _aBeginning teacher
260 _aNew York, USA
_bHenry Holt and Company
_c1955
300 _axii,335p.
700 _a Bartels Martin H
_9761938
942 _cTEXL
_h371.1473, YAU
999 _c1337582
_d1337582